3 Biggest Cities in each Region of Tanzania - Statistics

General Stats
  • This quiz has been taken 4 times
  • The average score is 14 of 91
Answer Stats
Region + Rank Population City % Correct
Arusha 1 704,483 Arusha
100%
Dar es Salaam 1 8,806,279 Dar es Salaam
100%
Dodoma 1 903,480 Dodoma
100%
Geita 1 394,114 Geita
75%
Kigoma 1 381,077 Kigoma
75%
Lindi 1 103,080 Lindi
75%
Mbeya 1 744,802 Mbeya
75%
Morogoro 1 531,722 Morogoro
75%
Mwanza 1 1,524,931 Mwanza
75%
Shinyanga 2 406,032 Shinyanga
75%
Singida 1 290,449 Singida
75%
Tabora 1 357,041 Tabora
75%
Tanga 1 482,039 Tanga
75%
Mjini Magharibi 1 1,106,395 Zanzibar
75%
Iringa 1 314,908 Iringa
50%
Mtwara 1 305,688 Mtwara
50%
Njombe 1 202,487 Njombe
50%
Kagera 1 251,940 Bukoba
25%
Kilimanjaro 1 363,870 Moshi
25%
Katavi 1 245,120 Mpanda
25%
Manyara 1 150,168 Babati
0%
Pwani 3 134,850 Bagamoyo
0%
Simiyu 1 103,315 Bariadi
0%
Kagera 2 49,722 Biharamulo
0%
Kilimanjaro 2 68,810 Boma Ng'ombe
0%
Mara 3 158,633 Bunda
0%
Unguja South 3 16,440 Bwejuu
0%
Pemba South 1 71,335 Chake Chake
0%
Tanga 3 104,660 Handeni
0%
Morogoro 2 187,275 Ifakara
0%
Tabora 2 132,705 Igunga
0%
Iringa 3 30,019 Ilula
0%
Katavi 3 22,675 Inyonga
0%
Singida 3 35,248 Itigi
0%
Unguja South 2 33,047 Jambiani
0%
Rukwa 3 28,720 Kabwe
0%
Shinyanga 3 60,950 Kagongwa
0%
Shinyanga 1 504,130 Kahama
0%
Arusha 3 70,880 Karatu
0%
Kigoma 2 273,549 Kasulu
0%
Geita 3 102,055 Katente
0%
Geita 2 289,235 Katoro
0%
Pwani 2 286,401 Kibaha
0%
Manyara 2 63,030 Kibaya
0%
Kigoma 3 119,943 Kibondo
0%
Pemba South 2 25,764 Kichungwani
0%
Unguja North 3 25,094 Kilindi
0%
Morogoro 3 72,650 Kilosa
0%
Mjini Magharibi 3 14,800 Kombeni
0%
Dodoma 2 112,515 Kondoa
0%
Pemba North 3 10,303 Kongo
0%
Tanga 2 135,223 Korogwe
0%
Mbeya 2 141,915 Kyela
0%
Simiyu 3 45,152 Lamadi
0%
Lindi 2 101,329 Liwale
0%
Njombe 3 38,165 Ludewa
0%
Iringa 2 158,017 Mafinga
0%
Njombe 2 148,017 Makambako
0%
Singida 2 61,107 Manyoni
0%
Mtwara 2 151,291 Masasi
0%
Simiyu 2 52,703 Maswa
0%
Mbeya 3 130,505 Mbalizi
0%
Ruvuma 2 118,089 Mbinga
0%
Manyara 3 33,990 Mererani
0%
Pemba South 3 11,502 Mkoani
0%
Unguja North 1 31,975 Mkokotoni
0%
Songwe 3 126,068 Mlowo
0%
Dodoma 3 105,095 Mpwapwa
0%
Kagera 3 40,161 Muleba
0%
Mara 1 322,860 Musoma
0%
Kilimanjaro 3 47,255 Mwanga
0%
Lindi 3 88,960 Nachingwea
0%
Rukwa 2 31,050 Namanyere
0%
Mtwara 3 112,006 Newala
0%
Unguja North 2 27,030 Nungwi
0%
Mwanza 3 82,134 Nyehunge
0%
Mjini Magharibi 2 37,005 Selem
0%
Mwanza 2 165,430 Sengerema
0%
Pemba North 2 23,226 Shumba
0%
Katavi 2 34,056 Sibwesa
0%
Ruvuma 1 346,625 Songea
0%
Rukwa 1 355,008 Sumbawanga
0%
Mara 2 160,219 Tarime
0%
Songwe 1 297,150 Tunduma
0%
Ruvuma 3 106,311 Tunduru
0%
Unguja South 1 55,180 Tunguu
0%
Tabora 3 104,927 Urambo
0%
Arusha 2 193,616 Usa River
0%
Pwani 1 440,176 Vikindu
0%
Songwe 2 133,376 Vwawa
0%
Pemba North 1 48,821 Wete
0%
No matching quizzes found
Score Distribution
Percent of People with Each Score
Percentile by Number Answered
Your Score History
You have not taken this quiz